Province che confinano con la Provincia di Alessandria - Statistics

Statistiche generali
  • Questo quiz è stato fatto 24 volte
  • Il punteggio medio è 7 su 7
Statistiche sulle risposte
Regione Provincia % Corretto
Liguria Città metropolitana di Genova
100%
Piemonte Città metropolitana di Torino
100%
Piemonte Provincia di Asti
96%
Lombardia Provincia di Pavia
96%
Emilia-Romagna Provincia di Piacenza
91%
Liguria Provincia di Savona
91%
Piemonte Provincia di Vercelli
91%
Nessun quiz corrispondente trovato
Distribuzione punteggi
Percentuale di utenti per punteggio
Percentile per numero di risposta
I tuoi punteggi nel tempo
Non hai fatto questo quiz